000 00222 a2200097 4500
001 14389
100 _aPhillips C.F
245 _aMarketing princtples & methods
260 _aNew York
_bR.D. Irwan
_c
090 _c11282
_d11282
942 _aNUST-CAE
_cM
_c1428
999 _c249462
_d249462